[Event "XII C.to Italiano U20"]
[Site "Bratto - Castione della Presolana ITA"]
[Date "2004.08.25"]
[Round "6"]
[White "Bdair, Bilal"]
[Black "Pagan, Andrea"]
[Result "1-0"]
[WhiteElo "2012"]
[BlackElo "1679"]
[PlyCount "135"]
[EventDate "2004.08.20"]

1. d4 Nf6 2. c4 e6 3. Nc3 Bb4 4. f3 Bxc3+ 5. bxc3 h6 6. e4 d6 7. Bd3 O-O 8. Ne2
Nbd7 9. Be3 Re8 10. O-O c5 11. Qd2 e5 12. Rfd1 b6 13. a4 Ba6 14. d5 Nf8 15. Ra2
Re7 16. a5 bxa5 17. Rda1 Bc8 18. Rxa5 a6 19. Bc2 Rb8 20. R5a2 Rb6 21. Ba4 Reb7
22. Qc2 Ng6 23. Nc1 Ne7 24. Nb3 Qc7 25. Na5 Rb8 26. Bc6 Kf8 27. Qc1 Nfg8 28. h3
Nxc6 29. Nxc6 Ra8 30. f4 Ne7 31. Nxe7 Qxe7 32. f5 Qh4 33. Qc2 Rab8 34. Rf1 Rb3
35. Bd2 Qg3 36. Be1 Qe3+ 37. Kh2 Qg5 38. Bd2 Qf6 39. Qd3 Rb2 40. Raa1 Ra8 41.
Bc1 Rb3 42. g4 a5 43. Qg3 Qd8 44. f6 Kg8 45. g5 g6 46. gxh6 Kh7 47. h4 Qg8 48.
h5 Bd7 49. hxg6+ Qxg6 50. Qxg6+ fxg6 51. f7 Rf8 52. Bg5 Rxc3 53. Be7 Rxf7 54.
Rxf7+ Kxh6 55. Bf8+ Kg5 56. Rxd7 Rxc4 57. Bxd6 Rxe4 58. Bxc5 a4 59. Rf7 Re2+
60. Rf2 Re4 61. d6 Rh4+ 62. Kg2 Rh7 63. Rxa4 Rd7 64. Ra7 Rd8 65. d7 e4 66. Rf8
e3 67. Rxd8 e2 68. Re8 1-0

[Event "XII C.to Italiano U20"]
[Site "Bratto - Castione della Presolana ITA"]
[Date "2004.08.25"]
[Round "6"]
[White "Bellemo, Davide"]
[Black "Reduzzi, Maurizio"]
[Result "0-1"]
[WhiteElo "1712"]
[BlackElo "2114"]
[PlyCount "42"]
[EventDate "2004.08.20"]

1. c4 c5 2. Nc3 Nf6 3. g3 e6 4. Bg2 d5 5. cxd5 exd5 6. Qb3 d4 7. Bxb7 Bxb7 8.
Qxb7 Nbd7 9. Nb5 Rc8 10. Qxa7 Be7 11. Qa4 O-O 12. Nf3 Nb6 13. Qd1 Qd7 14. a4
Qh3 15. a5 Nbd5 16. b3 Ng4 17. Na3 Qg2 18. Rf1 Bf6 19. Rb1 Rfe8 20. Nc4 Qxf3
21. Nd6 Qg2 0-1

[Event "XII C.to Italiano U20"]
[Site "Bratto - Castione della Presolana ITA"]
[Date "2004.08.25"]
[Round "6"]
[White "Bonafede, Alessandro"]
[Black "Boscolo, Marco"]
[Result "1-0"]
[WhiteElo "2107"]
[BlackElo "1898"]
[PlyCount "83"]
[EventDate "2004.08.20"]

1. e4 e6 2. d3 d5 3. Nd2 Nf6 4. Ngf3 c5 5. g3 Nc6 6. Bg2 Be7 7. O-O O-O 8. Re1
Qc7 9. e5 Nd7 10. Qe2 b5 11. Nf1 a5 12. h4 Ba6 13. N1h2 b4 14. Bf4 Rfc8 15. Ng4
Ra7 16. Qd2 Nd4 17. Nfh2 Nf5 18. Ne3 Nxe3 19. Qxe3 Nf8 20. h5 Bb7 21. Bg5 d4
22. Qf4 Bxg2 23. Kxg2 Qd8 24. Bxe7 Qxe7 25. Nf1 Nd7 26. h6 g6 27. Nd2 Nb6 28.
Ne4 Nd5 29. Nf6+ Nxf6 30. Qxf6 Qxf6 31. exf6 Kf8 32. a3 a4 33. Re4 Rb7 34. c3
bxc3 35. bxc3 Rd8 36. cxd4 cxd4 37. Rc1 Ke8 38. Re5 Rb3 39. Ra5 Rxa3 40. Rc7
Rc3 41. Re7+ Kf8 42. Raa7 1-0

[Event "XII C.to Italiano U20"]
[Site "Bratto - Castione della Presolana ITA"]
[Date "2004.08.25"]
[Round "6"]
[White "Bonagura, Stefano"]
[Black "Bevilacqua, Andrea"]
[Result "1/2-1/2"]
[WhiteElo "1784"]
[BlackElo "1736"]
[PlyCount "120"]
[EventDate "2004.08.20"]

1. d4 d5 2. c4 e6 3. Nf3 Nf6 4. Bg5 Be7 5. Nc3 c6 6. cxd5 exd5 7. Qc2 O-O 8. e3
Ne4 9. Bxe7 Qxe7 10. Bd3 f5 11. O-O Be6 12. Rab1 a5 13. Na4 Nd7 14. Rfc1 Bf7
15. Nc5 Rfb8 16. a3 Ndxc5 17. dxc5 a4 18. Nd4 g6 19. b4 axb3 20. Rxb3 Ng5 21.
Qb2 Qc7 22. Rb6 Ne6 23. Nxe6 Bxe6 24. Qb4 Ra7 25. Rb1 Bc8 26. a4 Rba8 27. Bc2
Qe5 28. Qd4 Qe7 29. Bb3 Ra5 30. Rc1 Qg7 31. g3 Qe7 32. Kg2 Rb8 33. f3 Be6 34.
Qe5 Rd8 35. Kf2 Kf7 36. Qc3 Rda8 37. Qb4 R8a7 38. Bd1 Bc8 39. Ke2 Kf8 40. Kd2
Ra8 41. Bb3 R5a7 42. Qd4 Be6 43. Kc3 Ra5 44. Kb4 R5a6 45. Rxa6 bxa6 46. Qe5 Kf7
47. Qd6 a5+ 48. Kc3 Qxd6 49. cxd6 c5 50. Bd1 Rb8 51. Kd3 c4+ 52. Kd4 Ke8 53. e4
fxe4 54. fxe4 dxe4 55. Kxe4 Kd7 56. Ke5 Rb2 57. Rc2 Rb6 58. Be2 Rc6 59. Rc3
Rc5+ 60. Kd4 Kxd6 1/2-1/2

[Event "XII C.to Italiano U20"]
[Site "Bratto - Castione della Presolana ITA"]
[Date "2004.08.25"]
[Round "6"]
[White "Braschi, Giancarlo"]
[Black "Napoli, Nicolo'"]
[Result "1-0"]
[WhiteElo "2196"]
[BlackElo "2172"]
[PlyCount "67"]
[EventDate "2004.08.20"]

1. d4 g6 2. c4 Bg7 3. e4 Nc6 4. d5 Nd4 5. Ne2 c5 6. Nbc3 e5 7. Nxd4 cxd4 8. Nb5
d6 9. Qa4 Ke7 10. c5 dxc5 11. d6+ Kf8 12. Nc7 Bd7 13. Bb5 Bxb5 14. Qxb5 b6 15.
Nxa8 Qxa8 16. O-O Nf6 17. f4 exf4 18. Bxf4 Qe8 19. Qc4 Nh5 20. Qd5 Nf6 21. Qc4
Nh5 22. Bg5 f6 23. Qd5 Qf7 24. Qa8+ Qe8 25. Qxa7 Kg8 26. Qc7 Qe5 27. Qe7 Qxe7
28. dxe7 Kf7 29. g4 Kxe7 30. Bd2 f5 31. gxh5 fxe4 32. h6 Bf6 33. Rae1 e3 34.
Bxe3 1-0

[Event "XII C.to Italiano U20"]
[Site "Bratto - Castione della Presolana ITA"]
[Date "2004.08.25"]
[Round "6"]
[White "Buchicchio, Giampaolo"]
[Black "Brunello, Sabino"]
[Result "1-0"]
[WhiteElo "2291"]
[BlackElo "2193"]
[PlyCount "47"]
[EventDate "2004.08.20"]

1. e4 e5 2. Nf3 Nc6 3. d4 exd4 4. Nxd4 Bc5 5. Be3 Qf6 6. c3 Nge7 7. Bc4 Ne5 8.
Be2 Qg6 9. O-O d6 10. f3 d5 11. Kh1 dxe4 12. fxe4 Qxe4 13. Nb5 Qc6 14. Bxc5
Qxc5 15. Qd4 Qxd4 16. cxd4 N5c6 17. Nxc7+ Kd8 18. Nxa8 Be6 19. Nc3 Kc8 20. Nb5
Kb8 21. Nac7 Bd7 22. d5 Ne5 23. d6 Nf5 24. Nd5 1-0

[Event "XII C.to Italiano U20"]
[Site "Bratto - Castione della Presolana ITA"]
[Date "2004.08.25"]
[Round "6"]
[White "Buono, Michele"]
[Black "Mora, Lorenzo"]
[Result "1-0"]
[WhiteElo "2098"]
[BlackElo "1844"]
[PlyCount "83"]
[EventDate "2004.08.20"]

1. e4 e5 2. Bc4 Nf6 3. Nc3 Bc5 4. d3 d6 5. Na4 Bb6 6. Nxb6 axb6 7. Ne2 Nc6 8.
a3 d5 9. exd5 Nxd5 10. O-O Be6 11. f4 f6 12. Qe1 O-O 13. f5 Bf7 14. Qg3 Kh8 15.
Qh4 Nde7 16. Be3 Nd5 17. Bd2 Qe7 18. Rf3 Qc5+ 19. Kh1 Nd4 20. Rh3 Bg8 21. b4
Qc6 22. Nxd4 exd4 23. Qxd4 Rfe8 24. Qg4 Re7 25. Rg3 Rae8 26. h4 Qd7 27. h5 Ne3
28. Bxe3 Bxc4 29. Bd4 Bb5 30. h6 Rf8 31. Rf1 Bc6 32. c4 Ba4 33. c5 Bc6 34. cxb6
cxb6 35. Bxb6 Ref7 36. Bc5 Re8 37. Bd4 gxh6 38. Qh4 Qd6 39. Rf4 Re1+ 40. Kh2
Re2 41. Qg4 Qb8 42. Bxf6+ 1-0

[Event "XII C.to Italiano U20"]
[Site "Bratto - Castione della Presolana ITA"]
[Date "2004.08.25"]
[Round "6"]
[White "Buono, Valerio"]
[Black "Castellano, Fabio Marco"]
[Result "1/2-1/2"]
[WhiteElo "1978"]
[BlackElo "1946"]
[PlyCount "33"]
[EventDate "2004.08.20"]

1. e4 c5 2. Nf3 d6 3. d4 cxd4 4. Nxd4 Nf6 5. Nc3 a6 6. Be2 e5 7. Nb3 Be7 8. O-O
O-O 9. Be3 Be6 10. f4 exf4 11. Bxf4 Nc6 12. Kh1 d5 13. exd5 Nxd5 14. Nxd5 Qxd5
15. Bf3 Qxd1 16. Rfxd1 Rad8 17. c3 1/2-1/2

[Event "XII C.to Italiano U20"]
[Site "Bratto - Castione della Presolana ITA"]
[Date "2004.08.25"]
[Round "6"]
[White "Campanella, Giovanni"]
[Black "Imbraguglia, Fabio"]
[Result "0-1"]
[WhiteElo "1694"]
[BlackElo "1988"]
[PlyCount "44"]
[EventDate "2004.08.20"]

1. e4 d6 2. d4 g6 3. f4 Bg7 4. Nf3 Nd7 5. Bd3 Ngf6 6. O-O O-O 7. Qe1 e5 8. c3
Re8 9. Qh4 exd4 10. cxd4 c5 11. f5 cxd4 12. fxg6 hxg6 13. Na3 Nc5 14. Ne1 Nfxe4
15. Qf4 Nf6 16. Qxd4 Nxd3 17. Nxd3 Re4 18. Qf2 Bf5 19. Nb5 Ng4 20. Qg3 Qb6+ 21.
Kh1 Qxb5 22. Bf4 Rae8 0-1

[Event "XII C.to Italiano U20"]
[Site "Bratto - Castione della Presolana ITA"]
[Date "2004.08.25"]
[Round "6"]
[White "Cantu', Guido"]
[Black "Buchicchio, Roberto"]
[Result "1/2-1/2"]
[WhiteElo "1700"]
[BlackElo "1832"]
[PlyCount "115"]
[EventDate "2004.08.20"]

1. e4 c5 2. Nc3 Nc6 3. f4 d6 4. Nf3 g6 5. Bb5 Bd7 6. O-O Bg7 7. d3 e6 8. Qe1
Nge7 9. Nd1 Nb4 10. Bxd7+ Qxd7 11. Qf2 b6 12. c3 Nxd3 13. Qd2 Nxc1 14. Rxc1 O-O
15. Ne3 Qb7 16. Qd3 Rad8 17. b3 d5 18. e5 Nc6 19. Nc2 f6 20. exf6 Bxf6 21. Rfe1
Rfe8 22. Rcd1 Qc7 23. g3 e5 24. fxe5 Nxe5 25. Nxe5 Rxe5 26. Qf3 Qe7 27. Rxe5
Qxe5 28. Rf1 Rf8 29. Rd1 Qe4 30. Qxe4 dxe4 31. c4 Rd8 32. Rxd8+ Bxd8 33. Kf2
Bg5 34. h4 Bh6 35. g4 Bf4 36. Ne3 Kf7 37. Nd5 Bc1 38. Nc3 Ke6 39. Nxe4 Ke5 40.
Nc3 Bd2 41. Nb5 Kf4 42. Nxa7 Kxg4 43. Nc8 Ba5 44. a3 Kxh4 45. Kg2 Kg4 46. b4
cxb4 47. axb4 Bxb4 48. Nxb6 h5 49. Nd7 Kf4 50. Nf6 Ke5 51. Nxh5 gxh5 52. Kh3
Be1 53. c5 Kd5 54. c6 Kxc6 55. Kg2 Kd5 56. Kh3 Ke4 57. Kg2 Ke3 58. Kh3 1/2-1/2

[Event "XII C.to Italiano U20"]
[Site "Bratto - Castione della Presolana ITA"]
[Date "2004.08.25"]
[Round "6"]
[White "Covolan, Stefano"]
[Black "Taglione, Stefano"]
[Result "1-0"]
[WhiteElo "1586"]
[BlackElo "1700"]
[PlyCount "77"]
[EventDate "2004.08.20"]

1. e4 e5 2. Nf3 Nc6 3. d4 exd4 4. Bc4 Bb4+ 5. c3 dxc3 6. bxc3 Bxc3+ 7. Nxc3
Nge7 8. Qb3 O-O 9. Ng5 Ne5 10. Be2 h6 11. Nf3 d6 12. O-O Rb8 13. Nd5 Be6 14.
Qd1 N7g6 15. Nxe5 dxe5 16. Ba3 Re8 17. Nc3 Qg5 18. Bf3 Rbd8 19. Qc1 Nf4 20. Nd5
Bh3 21. Nxf4 exf4 22. Rd1 Rxd1+ 23. Qxd1 Rd8 24. Qe2 h5 25. Kf1 Bd7 26. Rd1 Kh7
27. Ke1 Qa5+ 28. Qd2 Qxa3 29. Bxh5 g6 30. Qxf4 Qa5+ 31. Rd2 Qxh5 32. Qxf7+ Kh6
33. Qf4+ Qg5 34. Qxc7 Qe7 35. Qxb7 Qe8 36. Qxa7 Bg4 37. Qe3+ Kg7 38. Qc3+ Kf8
39. Qf6+ 1-0

[Event "XII C.to Italiano U20"]
[Site "Bratto - Castione della Presolana ITA"]
[Date "2004.08.25"]
[Round "6"]
[White "D'Apa, Matteo"]
[Black "Rostolis, Riccardo"]
[Result "0-1"]
[WhiteElo "1939"]
[BlackElo "1709"]
[PlyCount "48"]
[EventDate "2004.08.20"]

1. d4 Nf6 2. c4 g6 3. Nc3 Bg7 4. e4 d6 5. f3 O-O 6. Be3 e5 7. d5 Ne8 8. Bd3 f5
9. Nge2 Nd7 10. O-O f4 11. Bf2 Nef6 12. b4 g5 13. Nc1 Rf7 14. c5 Nf8 15. Be2
Ng6 16. cxd6 cxd6 17. a4 h5 18. a5 g4 19. b5 Bf8 20. b6 a6 21. Nb3 Rg7 22. Qd3
g3 23. Be1 Nh7 24. Bd1 Qh4 0-1

[Event "XII C.to Italiano U20"]
[Site "Bratto - Castione della Presolana ITA"]
[Date "2004.08.25"]
[Round "6"]
[White "Damia, Angelo"]
[Black "Seminara, Antonio"]
[Result "1-0"]
[WhiteElo "2129"]
[BlackElo "1937"]
[PlyCount "23"]
[EventDate "2004.08.20"]

1. e4 c5 2. Nf3 Nc6 3. d4 cxd4 4. Nxd4 e5 5. Nb5 a6 6. N5a3 f5 7. exf5 Nf6 8.
Be2 Bc5 9. Be3 Bxe3 10. fxe3 O-O 11. c4 Ne4 12. Qd5+ 1-0

[Event "XII C.to Italiano U20"]
[Site "Bratto - Castione della Presolana ITA"]
[Date "2004.08.25"]
[Round "6"]
[White "Drezzadore, Dario"]
[Black "Hellweger, Stefan"]
[Result "1-0"]
[WhiteElo "1730"]
[BlackElo "1664"]
[PlyCount "75"]
[EventDate "2004.08.20"]

1. e4 g6 2. d4 Bg7 3. f4 d6 4. Nf3 Nf6 5. Bd3 a6 6. O-O O-O 7. c3 c5 8. h3 b5
9. Be3 c4 10. Bc2 Bb7 11. Nbd2 Nfd7 12. g4 e5 13. dxe5 dxe5 14. f5 a5 15. g5 f6
16. h4 Ra6 17. Nh2 Qc7 18. Qg4 Kf7 19. h5 Ke8 20. hxg6 hxg6 21. fxg6 fxg5 22.
Qxg5 Qd6 23. Bd1 Rxf1+ 24. Nhxf1 Qf6 25. Ng3 Kf8 26. Bh5 Qxg5 27. Bxg5 Kg8 28.
Rf1 Nf8 29. Rf7 Bc8 30. Nf5 Bxf5 31. exf5 Nbd7 32. Ne4 b4 33. f6 bxc3 34. Rxg7+
Kh8 35. bxc3 Nxf6 36. Bxf6 Rxf6 37. Nxf6 Kxg7 38. Ne8+ 1-0

[Event "XII C.to Italiano U20"]
[Site "Bratto - Castione della Presolana ITA"]
[Date "2004.08.25"]
[Round "6"]
[White "Ferrante, Marco"]
[Black "Vignoli, Matteo"]
[Result "1-0"]
[WhiteElo "2074"]
[BlackElo "1808"]
[PlyCount "120"]
[EventDate "2004.08.20"]

1. e4 e5 2. Nf3 Nc6 3. d4 exd4 4. Bc4 Be7 5. Nxd4 d6 6. O-O Nxd4 7. Qxd4 Bf6 8.
Qd5 Be6 9. Qxb7 Rb8 10. Qc6+ Bd7 11. Qd5 Be6 12. Bb5+ Bd7 13. Bxd7+ Qxd7 14. c3
Ne7 15. Qd3 O-O 16. Nd2 Qb5 17. Qxb5 Rxb5 18. f4 Rfb8 19. a4 R5b7 20. Nc4 Nc6
21. Ra3 a5 22. Kf2 g6 23. Rd1 Be7 24. Rd5 Ra8 25. Be3 Nd8 26. Ra2 Nc6 27. Ra1
Bf6 28. Rb5 Rab8 29. Rxb7 Rxb7 30. Rd1 Rb8 31. Rd5 Ra8 32. Rb5 Kf8 33. Rb7 Bd8
34. e5 dxe5 35. fxe5 Ke8 36. Kf3 Ra6 37. Ke4 Kd7 38. Rb5 Ke6 39. Bd4 h5 40. g3
Be7 41. Ne3 Nxd4 42. cxd4 c6 43. d5+ cxd5+ 44. Nxd5 Bd8 45. Nf4+ Kd7 46. e6+
fxe6 47. Nxg6 Rb6 48. Rxb6 Bxb6 49. Nf4 h4 50. gxh4 Ke7 51. h5 Kf7 52. h6 Kg8
53. Nxe6 Kh7 54. Kd5 Kxh6 55. Kc6 Bg1 56. Kb5 Bxh2 57. Kxa5 Kg6 58. Kb6 Kf6 59.
Nc5 Ke7 60. a5 Kd6 1-0

[Event "XII C.to Italiano U20"]
[Site "Bratto - Castione della Presolana ITA"]
[Date "2004.08.25"]
[Round "6"]
[White "Ferrarese, Giacomo"]
[Black "Regorda, Massimiliano"]
[Result "1/2-1/2"]
[WhiteElo "1688"]
[BlackElo "1703"]
[PlyCount "56"]
[EventDate "2004.08.20"]

1. c4 Nf6 2. Nc3 d5 3. cxd5 Nxd5 4. g3 Nxc3 5. bxc3 e5 6. Bg2 Bd6 7. e3 O-O 8.
Ne2 c6 9. d4 Nd7 10. O-O Nf6 11. Bd2 Be6 12. h3 Qd7 13. Kh2 Bc4 14. Re1 Rfe8
15. Qa4 Bb5 16. Qc2 Bxe2 17. Rxe2 e4 18. Be1 Re6 19. Rb1 h5 20. Qb3 b6 21. c4
Bc7 22. Qa4 h4 23. c5 b5 24. Qc2 Rae8 25. a4 Nh7 26. axb5 cxb5 27. Qa2 a6 28.
Rd1 Ng5 1/2-1/2

[Event "XII C.to Italiano U20"]
[Site "Bratto - Castione della Presolana ITA"]
[Date "2004.08.25"]
[Round "6"]
[White "Forato, Enrico"]
[Black "Xia, Jie"]
[Result "1/2-1/2"]
[WhiteElo "1739"]
[BlackElo "2126"]
[PlyCount "97"]
[EventDate "2004.08.20"]

1. e4 c5 2. Nf3 d6 3. d4 cxd4 4. Nxd4 Nf6 5. Nc3 a6 6. Be2 b5 7. Bf3 e5 8. Nf5
h6 9. Ne3 Bb7 10. Ned5 Nbd7 11. Be3 Rc8 12. a4 Nxd5 13. Nxd5 Bxd5 14. exd5 Qa5+
15. c3 b4 16. Bd2 bxc3 17. Bxc3 Qb6 18. Bg4 Rc7 19. Bxd7+ Rxd7 20. Qd2 Be7 21.
O-O O-O 22. Ba5 Qb7 23. b4 f5 24. Rfb1 Bg5 25. Qd1 Rc8 26. b5 axb5 27. Rxb5 Qa8
28. Bd2 Rdc7 29. Bxg5 hxg5 30. a5 Rc5 31. Rab1 Qa7 32. Qd2 Rc2 33. Qe3 Qc7 34.
h3 f4 35. Qd3 Qa7 36. Qf1 e4 37. Rb6 Qxa5 38. Rxd6 Qc5 39. Rc6 Rxc6 40. dxc6
Qxc6 41. Qd1 f3 42. gxf3 exf3 43. Rb8+ Kf7 44. Rb7+ Qxb7 45. Qxc2 Qd5 46. Qc7+
Kg6 47. Kh2 Qf5 48. Kg3 Kh5 49. Qc4 1/2-1/2

[Event "XII C.to Italiano U20"]
[Site "Bratto - Castione della Presolana ITA"]
[Date "2004.08.25"]
[Round "6"]
[White "Gatterer, Matthias"]
[Black "Frilli, Guido"]
[Result "1/2-1/2"]
[WhiteElo "1844"]
[BlackElo "2131"]
[PlyCount "34"]
[EventDate "2004.08.20"]

1. d4 d5 2. c4 c6 3. Nf3 Nf6 4. Nc3 a6 5. a4 e6 6. Bg5 Nbd7 7. e3 Bb4 8. Qc2
Qa5 9. Nd2 c5 10. Nb3 Qb6 11. Bxf6 Nxf6 12. dxc5 Qc6 13. Be2 dxc4 14. Bxc4 Qxg2
15. O-O-O Bxc3 16. Qxc3 Qc6 17. Rhg1 Bd7 1/2-1/2

[Event "XII C.to Italiano U20"]
[Site "Bratto - Castione della Presolana ITA"]
[Date "2004.08.25"]
[Round "6"]
[White "Kidane, Robel"]
[Black "Scharrer, Patrick"]
[Result "1/2-1/2"]
[WhiteElo "2081"]
[BlackElo "2193"]
[PlyCount "65"]
[EventDate "2004.08.20"]

1. e4 c5 2. Nf3 Nc6 3. d4 cxd4 4. Nxd4 g6 5. c4 Bg7 6. Be3 Nf6 7. Nc3 d6 8. Be2
O-O 9. O-O Bd7 10. Rc1 Nxd4 11. Bxd4 Bc6 12. f3 Nd7 13. Be3 a5 14. b3 Nc5 15.
Qd2 Qb6 16. Rb1 Qb4 17. Rfc1 Rfc8 18. Rc2 h5 19. Qc1 Qb6 20. Kh1 Kh7 21. Rd2
Qc7 22. Qc2 Bh6 23. Bxh6 Kxh6 24. f4 f6 25. Rf1 b6 26. Nd5 Bxd5 27. Rxd5 e6 28.
Rdd1 Re8 29. f5 exf5 30. exf5 g5 31. Bf3 Rad8 32. Rfe1 Re5 33. Rxe5 1/2-1/2

[Event "XII C.to Italiano U20"]
[Site "Bratto - Castione della Presolana ITA"]
[Date "2004.08.25"]
[Round "6"]
[White "Lain, Luigi"]
[Black "Di Caro, Calogero"]
[Result "1/2-1/2"]
[WhiteElo "2243"]
[BlackElo "2322"]
[PlyCount "59"]
[EventDate "2004.08.20"]

1. d4 Nf6 2. c4 g6 3. f3 Bg7 4. e4 d6 5. Nc3 O-O 6. Be3 Nbd7 7. Qd2 c5 8. d5
Ne5 9. Bg5 a6 10. f4 Ned7 11. Nf3 b5 12. cxb5 Qa5 13. e5 dxe5 14. fxe5 Ng4 15.
Bxe7 Re8 16. d6 Bh6 17. Ng5 Ngxe5 18. Be2 axb5 19. O-O c4 20. Qd4 Bb7 21. Nxf7
Nxf7 22. Rxf7 Kxf7 23. Nxb5 Be3+ 24. Qxe3 Qxb5 25. Rf1+ Kg7 26. Qe6 Qd5 27.
Rf7+ Kg8 28. Rf8+ Kg7 29. Rf7+ Kg8 30. Rf8+ 1/2-1/2

[Event "XII C.to Italiano U20"]
[Site "Bratto - Castione della Presolana ITA"]
[Date "2004.08.25"]
[Round "6"]
[White "Lampl, Gerald"]
[Black "Finocchiaro, Gianluca"]
[Result "1-0"]
[WhiteElo "1841"]
[BlackElo "1505"]
[PlyCount "97"]
[EventDate "2004.08.20"]

1. d4 d6 2. e4 Nf6 3. Nc3 c6 4. f4 Qa5 5. Bd2 Qb6 6. Nf3 Bg4 7. Na4 Qd8 8. Bd3
Nbd7 9. h3 Bxf3 10. gxf3 e5 11. dxe5 dxe5 12. fxe5 Nxe5 13. Be2 Nh5 14. Be3
Qxd1+ 15. Rxd1 Ng3 16. Rg1 Nxe2 17. Kxe2 b5 18. Nc3 Nc4 19. Bc1 Ne5 20. Bf4 Ng6
21. Be3 Ne5 22. Bd4 Ng6 23. Be3 Ne5 24. b3 Ng6 25. Kf2 a6 26. Ne2 c5 27. Rd5
Be7 28. Bxc5 Rc8 29. Bxe7 Kxe7 30. Rd2 Rcd8 31. Rgd1 Rxd2 32. Rxd2 Rd8 33. Rxd8
Kxd8 34. Ke3 Ke7 35. Nd4 Kf6 36. c4 bxc4 37. bxc4 Ke5 38. c5 Ne7 39. f4+ Kf6
40. c6 Nc8 41. e5+ Kg6 42. Ke4 Kh5 43. Nf5 Na7 44. c7 g6 45. Nd6 Kh4 46. c8=Q
Nxc8 47. Nxc8 Kxh3 48. Kf3 h5 49. Nd6 1-0

[Event "XII C.to Italiano U20"]
[Site "Bratto - Castione della Presolana ITA"]
[Date "2004.08.25"]
[Round "6"]
[White "Laurenti, Stefano"]
[Black "Adami, Roberto"]
[Result "1-0"]
[WhiteElo "1823"]
[BlackElo "1652"]
[PlyCount "53"]
[EventDate "2004.08.20"]

1. e4 c5 2. Nc3 d6 3. f4 Nc6 4. Nf3 Nf6 5. Bc4 e6 6. O-O a6 7. a4 Be7 8. d3 Qc7
9. Qe1 O-O 10. Kh1 Rd8 11. Bd2 d5 12. e5 dxc4 13. exf6 Bxf6 14. Ne4 Be7 15.
dxc4 Nd4 16. Bc3 b6 17. Rd1 Nf5 18. Neg5 Rxd1 19. Qxd1 h6 20. Nxf7 Kxf7 21.
Ne5+ Kg8 22. Qh5 Bf8 23. Qg6 Qe7 24. Ng4 Nd4 25. Nxh6+ Kh8 26. Qh5 Qd8 27. Nf7+
1-0

[Event "XII C.to Italiano U20"]
[Site "Bratto - Castione della Presolana ITA"]
[Date "2004.08.25"]
[Round "6"]
[White "Lettieri, Giuseppe"]
[Black "Rombaldoni, Denis"]
[Result "1/2-1/2"]
[WhiteElo "2144"]
[BlackElo "2224"]
[PlyCount "84"]
[EventDate "2004.08.20"]

1. e4 c6 2. d4 d5 3. exd5 cxd5 4. c4 Nf6 5. Nc3 Nc6 6. Bg5 e6 7. Nf3 Be7 8. c5
O-O 9. Bb5 Ne4 10. Bxe7 Nxe7 11. O-O Nxc3 12. bxc3 b6 13. cxb6 axb6 14. Qb3 Ba6
15. Rfb1 Qc7 16. a4 Nf5 17. Bxa6 Rxa6 18. Ra3 Nd6 19. Nd2 g6 20. h3 Rfa8 21.
Rba1 b5 22. Nf3 Rb8 23. Rb1 Rba8 24. Rba1 Qc4 25. Qb2 bxa4 26. Ne5 Qb5 27. Qc1
Nc4 28. Qf4 Nxe5 29. dxe5 Ra5 30. h4 Qc4 31. Qxc4 dxc4 32. Kf1 Kg7 33. g3 h6
34. Rb1 Rxe5 35. Rb4 Rd8 36. Rxc4 Rd1+ 37. Kg2 Rd2 38. Raxa4 Ree2 39. Rf4 g5
40. hxg5 hxg5 41. Rf3 Kg6 42. g4 Rd7 1/2-1/2

[Event "XII C.to Italiano U20"]
[Site "Bratto - Castione della Presolana ITA"]
[Date "2004.08.25"]
[Round "6"]
[White "Longo, Aldo"]
[Black "Valsecchi, Alessio"]
[Result "0-1"]
[WhiteElo "1888"]
[BlackElo "1739"]
[PlyCount "82"]
[EventDate "2004.08.20"]

1. e4 c5 2. Nc3 d6 3. f4 Nc6 4. g3 g6 5. Bg2 Bg7 6. Nf3 Nf6 7. d3 O-O 8. O-O a6
9. h3 Rb8 10. g4 b5 11. f5 b4 12. Ne2 a5 13. Qe1 Nd7 14. Qh4 a4 15. Ng5 h6 16.
Nf3 g5 17. Qg3 b3 18. axb3 axb3 19. c3 Qb6 20. Be3 Ba6 21. Nc1 Bxc3 22. Rb1 Bd4
23. Nxd4 cxd4 24. Bd2 Nce5 25. h4 f6 26. Rf2 Qc6 27. Be1 Nc5 28. Bf1 Kg7 29.
Be2 Bxd3 30. Bxd3 Nxe4 31. Qg2 Nxf2 32. Bxf2 Qxg2+ 33. Kxg2 Rfc8 34. Be2 Rc2
35. Kg3 Rbc8 36. Nxb3 Rxe2 37. Nxd4 gxh4+ 38. Kg2 Re4 39. b4 Rxg4+ 40. Kh2 Rxd4
41. b5 Rd2 0-1

[Event "XII C.to Italiano U20"]
[Site "Bratto - Castione della Presolana ITA"]
[Date "2004.08.25"]
[Round "6"]
[White "Massironi, Marco"]
[Black "Fortino, Fabrizio"]
[Result "1-0"]
[WhiteElo "2121"]
[BlackElo "1931"]
[PlyCount "69"]
[EventDate "2004.08.20"]

1. e4 c5 2. Nf3 Nc6 3. d4 cxd4 4. Nxd4 Nf6 5. Nc3 e5 6. Ndb5 d6 7. Nd5 Nxd5 8.
exd5 Ne7 9. c4 Ng6 10. Be2 a6 11. Nc3 Be7 12. O-O Bd7 13. b4 O-O 14. Be3 f5 15.
f3 Nf4 16. Kh1 Qe8 17. g3 Nxe2 18. Nxe2 b5 19. c5 f4 20. gxf4 exf4 21. Bf2 Qh5
22. Nc3 Rf6 23. Bd4 Rh6 24. Qd2 Bh3 25. Rf2 Bh4 26. Rg1 g6 27. cxd6 Bxf2 28.
Qxf2 Bd7 29. Ne4 Rf8 30. Rg5 Qh3 31. Re5 Rh5 32. Re7 Rf7 33. Qe2 Rhf5 34. Ng5
Rxg5 35. Rxf7 1-0

[Event "XII C.to Italiano U20"]
[Site "Bratto - Castione della Presolana ITA"]
[Date "2004.08.25"]
[Round "6"]
[White "Oblak, Mitja"]
[Black "Giovannini, Stefano"]
[Result "1/2-1/2"]
[WhiteElo "1556"]
[BlackElo "1712"]
[PlyCount "69"]
[EventDate "2004.08.20"]

1. d4 d5 2. c4 e6 3. Nc3 Be7 4. Nf3 Nf6 5. Bg5 O-O 6. e3 h6 7. Bh4 b6 8. cxd5
Nxd5 9. Bxe7 Qxe7 10. Nxd5 exd5 11. Be2 Bb7 12. O-O Nd7 13. a3 c5 14. Qd2 Rac8
15. Rfc1 a6 16. Rc3 Nf6 17. Qd1 Ne4 18. Rb3 b5 19. dxc5 Rxc5 20. a4 bxa4 21.
Rxa4 Rfc8 22. Ra1 Qc7 23. g3 a5 24. Nd4 Bc6 25. Nxc6 Qxc6 26. Bd3 Rc1 27. Rxc1
Qxc1 28. Qxc1 Rxc1+ 29. Kg2 Kf8 30. Bxe4 dxe4 31. Ra3 Rb1 32. Rxa5 Rxb2 33. g4
Rb4 34. h4 g6 35. h5 1/2-1/2

[Event "XII C.to Italiano U20"]
[Site "Bratto - Castione della Presolana ITA"]
[Date "2004.08.25"]
[Round "6"]
[White "Pace, Pietro Dario"]
[Black "Ronchetti, Niccolo'"]
[Result "0-1"]
[WhiteElo "2133"]
[BlackElo "2216"]
[PlyCount "78"]
[EventDate "2004.08.20"]

1. e4 c5 2. b3 Nc6 3. Bb2 e6 4. Nf3 Qc7 5. Nc3 Nge7 6. Be2 a6 7. a4 b6 8. O-O
Bb7 9. Re1 Nd4 10. Bf1 Nxf3+ 11. Qxf3 Ng6 12. Qe3 Bd6 13. g3 h5 14. h4 O-O-O
15. a5 bxa5 16. Na4 f5 17. Qg5 Ne5 18. Bxe5 Bxe5 19. c3 Rdf8 20. Bg2 f4 21.
Nb6+ Qxb6 22. Qxe5 fxg3 23. Qxg3 Rf6 24. d4 Rhf8 25. Rf1 cxd4 26. cxd4 Qxd4 27.
Rad1 Qb6 28. Rd6 Qc5 29. e5 R6f7 30. Bxb7+ Kxb7 31. Rd3 Kb8 32. Rfd1 Rxf2 33.
Kh1 Qc6+ 34. Kg1 R2f4 35. Rd4 Qc5 36. Qe3 Rg4+ 37. Kh2 Rxh4+ 38. Kg3 Rg4+ 39.
Kh2 Rff4 0-1

[Event "XII C.to Italiano U20"]
[Site "Bratto - Castione della Presolana ITA"]
[Date "2004.08.25"]
[Round "6"]
[White "Pagan, Nicolo'"]
[Black "Nizzardo, Mattia"]
[Result "1/2-1/2"]
[WhiteElo "1709"]
[BlackElo "1772"]
[PlyCount "58"]
[EventDate "2004.08.20"]

1. d4 d5 2. c4 c6 3. cxd5 cxd5 4. Nf3 Nf6 5. Nc3 Bf5 6. Bf4 Qb6 7. Na4 Qd8 8.
e3 e6 9. Bb5+ Nbd7 10. O-O a6 11. Bxd7+ Nxd7 12. Rc1 Be7 13. Bc7 Qc8 14. Ne5
O-O 15. Nxd7 Qxd7 16. Nb6 Qb5 17. Nxa8 Rxa8 18. b3 Bd3 19. Re1 Bb4 20. Bg3 a5
21. Rc7 Bxe1 22. Qxe1 a4 23. Qc3 h6 24. Rc5 Qa6 25. bxa4 Bc4 26. a5 b6 27. Rc6
Qxa5 28. Qxa5 Rxa5 29. Rxb6 Rxa2 1/2-1/2